Statistics for Worst Wars in History

Click here to take the quiz!

General Stats

  • This quiz has been taken 34 times
  • The average score is 12 of 17

Answer Stats

HintAnswer% Correct
1939World War II
100%
1914World War I
97%
1China
85%
1927{Chinese} Civil War
82%
1917{Russian} Civil War
82%
1618Fall of the {Ming} dynasty
79%
1206{Mongol} conquests
79%
1803{Napoleonic} Wars
79%
1337{Hundred} Years' War
76%
1Americas
73%
1492Colonization of the {Americas}
73%
1618{Thirty} Years' War
70%
1950Korean War
52%
1998Second {Congo} War
52%
1955Vietnam War
36%
1562French Wars of {Religion}
27%
1680{Mughal}-Maratha Wars
12%

Score Distribution

Percentile by Number Answered

Percent of People with Each Score

Your Score History

You have not taken this quiz